| 000 | 00505nam a22001817a 4500 | ||
|---|---|---|---|
| 005 | 20140603155504.0 | ||
| 010 | _aENG-110099 | ||
| 020 |
_a9789350481844 _c200.00 |
||
| 035 | _aEN-93632 | ||
| 037 | _bDBAD/PUB | ||
| 082 | _2480 | ||
| 100 | _aChaudhari, Pramod K. | ||
| 245 |
_aMastering English / _cby Pramod K. Chaudhari |
||
| 260 |
_aNew Delhi _bPrabhat Books _c2012 |
||
| 270 |
_a4/19 Asaf Ali Road _bNew Delhi _e110002 |
||
| 300 |
_a152p. _c22cm(Hb) |
||
| 942 |
_2ddc _cEN _h480 _mCHA |
||
| 999 |
_c84788 _d84788 |
||